000 00614cam a22002293a 4500
001 31014
003 PGUSA
005 20140828083654.0
008 100118s2010||||xxu|||||s|||||000 1 eng d
040 _aPGUSA
_beng
042 _adc
050 4 _aPT
100 1 _aWitt, Otto,
_d1875-1923
245 1 0 _aDen Underbara Spegeln
_h[electronic resource] /
_cOtto Witt
260 _bProject Gutenberg,
_c2010
506 _aPublic domain in the USA.
516 _aElectronic text
653 _aScience fiction
830 0 _aProject Gutenberg
_v31014
856 4 0 _uhttp://www.gutenberg.org/ebooks/31014
942 _cEB
999 _c260269
_d260269